| 000 | 00716cam a2200229 a 4500 | ||
|---|---|---|---|
| 001 | 671852 | ||
| 003 | GBCCL | ||
| 005 | 20241126110424.0 | ||
| 008 | 950919s1995 miu b 000 0 eng | ||
| 010 | _a 95025608 | ||
| 040 |
_aDLC _cDLC _dDLC |
||
| 082 | 0 | 0 |
_a225.61 _220 _bHAD |
| 100 | 1 |
_aHadjiantoniou, George A. _94612 |
|
| 245 | 1 | 0 | _aNew Testament introduction |
| 260 |
_aChicago : _bMoody press, _c1957 |
||
| 300 |
_a352p. ; _c22 cm. |
||
| 500 | _aIncludes bibligraphy and index. | ||
| 630 | 0 | 0 |
_aBible. _pNew Testament _xIntroductions _92747 |
| 906 |
_a7 _bcbc _corignew _d1 _eocip _f19 _gy-gencatlg |
||
| 942 |
_2ddc _cBK _038 |
||
| 999 |
_c2238 _d2238 |
||